| 000 | 00714nam a22002417a 4500 | ||
|---|---|---|---|
| 005 | 20170124110010.0 | ||
| 010 | _aB-209654 | ||
| 020 |
_c150.00 _a818531635 |
||
| 035 | _aB-209654 | ||
| 037 | _bCen Lib/Ret | ||
| 040 |
_aDPL _bEN |
||
| 082 |
_a370.1522 _bPAD |
||
| 100 |
_aPadhee, B.N. _917622 |
||
| 245 |
_aSchooling and memory / _cby B.N. Padhee |
||
| 260 |
_bNCERT _aNew Delhi _c1993 |
||
| 270 |
_bNew Delhi _e110016 |
||
| 300 |
_axiv, 154p. _c21cm(pbk) |
||
| 490 | _aBhargava research monographic series | ||
| 500 | _aIncludes bibliographical references and index | ||
| 650 |
_aEducation _91169 |
||
| 650 |
_aSchooling -- education _972657 |
||
| 942 |
_2ddc _cEN _h370.1522 _mPAD |
||
| 999 |
_c126475 _d126475 |
||